| 000 | 00355nam a2200145Ia 4500 | ||
|---|---|---|---|
| 008 | 230917s9999||||xx |||||||||||||| ||und|| | ||
| 040 |
_e13469 _aMAIN |
||
| 041 | _aEnglish | ||
| 082 | _a515.7223 G281G | ||
| 100 | _aGal'fand, I M | ||
| 245 | 0 | _aGeneralized functions | |
| 260 |
_aNew York _bAcademic Press _c1969 |
||
| 300 | _axviii, 423 p. | ||
| 942 | _cBK | ||
| 999 |
_c93787 _d93787 |
||